| 000 | 01030nam0a22002771 4500 | ||
|---|---|---|---|
| 001 | rc\4007606 | ||
| 005 | 20130415125347.9 | ||
| 021 |
_aRU _b[53-15632] |
||
| 035 | _a(NLR Aleph) 008077383 | ||
| 090 |
_a9101390 _c9101390 |
||
| 100 | _a20130415d1953 |||y0rusy50 ca | ||
| 101 | 0 | _arus | |
| 102 | _aRU | ||
| 105 | _aa z ||||| | ||
| 200 | 1 |
_aКнига для чтения _eДля VII класса латыш. школ _fСост. А.Е. Гутман, К.Я. Петерсон |
|
| 210 |
_aРига _cЛатгосиздат _d1953 |
||
| 215 |
_a432 с., 2 л. ил. _cил. _d22 |
||
| 300 | _aНа переплете сост. не указаны | ||
| 606 |
_aРусский язык _jУчебники и пособия для нерусских школ _2psbo |
||
| 700 | 1 |
_aГутманис _bА. Х. _gАбрам Хаимович _4220 |
|
| 701 | 1 |
_aПетерсон _bК. Я. _gКарл Янович _4220 |
|
| 801 | 0 |
_aRU _bNLR _gpsbo |
|
| 801 | 1 |
_aRU _bELAR _2rusmarc |
|
| 852 |
_aNLR _jЯ60 Г-5/1628 |
||
| 942 | _cBOOK | ||
| 980 | _aNB | ||